Creating an Appropriate Model of the Behaviour for Ethics and Integrity of Institutions in the Area of Scientific Research Activities Based on International Comparison and Setting a System of Determining Attributes for Its Effective Implementation and Functioning Proceedings of Scientific Papers

Gespeichert in:
Bibliographische Detailangaben
Körperschaft: Fakulta podnikového manažmentu EU. Katedra podnikovohospodárska
Weitere Verfasser: Kissová, Jana, 1979-, Joniaková, Zuzana, 1970-, Suchánek, Petr
Format: Buch
Sprache:Englisch
Slowakisch
Veröffentlicht: Brno Masaryk University Press 2021
Ausgabe:1st Edition
Schlagworte:
Tags: Tag hinzufügen
Keine Tags, Fügen Sie das erste Tag hinzu!

MARC

LEADER 00000nam a2200000 4500
001 0281092
005 20240502083902.8
020 |a 978-80-280-0003-5 
041 0 |a eng 
041 0 |a slo 
044 |a CZ 
245 1 0 |a Creating an Appropriate Model of the Behaviour for Ethics and Integrity of Institutions in the Area of Scientific Research Activities Based on International Comparison and Setting a System of Determining Attributes for Its Effective Implementation and Functioning  |b Proceedings of Scientific Papers  |c Gabriela Dubcová et al. ; Editorial and Compilation Work: Jana Kissová 
250 |a 1st Edition 
264 1 |a Brno  |b Masaryk University Press  |c 2021 
300 |a 84 s. [6,68 AH] 
610 2 0 |a modely 
610 2 0 |a veda 
610 2 0 |a výskum 
610 2 0 |a inštitúcia 
610 2 0 |a implementácia 
610 2 0 |a etika 
610 2 0 |a porovnanie medzinárodné 
610 2 0 |a správanie 
700 1 |a Kissová, Jana, 1979- 
700 1 |a Joniaková, Zuzana, 1970- 
700 1 |a Suchánek, Petr 
710 2 |a Fakulta podnikového manažmentu EU. Katedra podnikovohospodárska